000 00519nmm a2200169Ia 4500
008 251105s9999||||xx |||||||||||||||||und||
020 _a8497424271
041 _aspa
100 _aNájera Pérez, Elena (ed.)
245 0 _aEl nihilismo europeo :
_b Fragmentos póstumos (otoño 1877)
264 _a[Madrid, España] :
_bBiblioteca Nueva,
_c2006
300 _a288 páginas
490 _aBiblioteca Nietzsche
650 _aPhilosophy, Ethics
856 _uhttps://public.digitaliapublishing.com/a/5225
942 _cCF
999 _c74182
_d74182